000 00441nam a2200193Ia 4500
005 20240823035131.0
008 240823s9999||||xx |||||||||||||| ||und||
020 _a978-93-5029-375-1
041 _aENGLISH
082 _A297.265 Q2
100 _aIrfan Habib S
245 0 _aJihard or Ijtihad
250 _a1st
260 _c2012
_bHarper Collins Publi
500 _aYES
650 _aNovel
_bEnglish
942 _cBK
999 _c199958
_d199958